| 000 | 01139nam a2200265 i 4500 | ||
|---|---|---|---|
| 001 | bg | ||
| 003 | KOSZ 005 | ||
| 005 | 20221128144009.0 | ||
| 008 | 071031s1966 pl a f 000 0 pol | ||
| 015 | _aPB 1966/5908 | ||
| 040 |
_aWA N _cKOSZ 005/RW _dKOSZ 005/RW |
||
| 041 | 0 |
_apol _beng |
|
| 080 | _a001:331:301 | ||
| 100 | 1 |
_aMatejko, Aleksander _d(1924-1999) _eAutor |
|
| 245 | 1 | 0 |
_aSystem społeczny zespołu naukowego : _bstudium społecznych warunków pracy twórczej w zespołach / _cAleksander Matejko. |
| 260 |
_aWarszawa : _bPaństwowe Wydawnictwo Naukowe, _c1966. |
||
| 300 |
_a123, [1] s. : _bil ; _c24 cm. |
||
| 380 | _aKsiążki. | ||
| 490 | 1 | _aMonografie i Studia / Ministerstwo Szkolnictwa Wyższego. Międzyuczelniany Zakład Badań nad Szkolnictwem Wyższym. | |
| 546 | _aStreszcz. ang. | ||
| 710 | 2 |
_aPaństwowe Wydawnictwo Naukowe _4pbl. |
|
| 830 | 0 | _aMonografie i Studia - Ministerstwo Szkolnictwa Wyższego. Międzyuczelniany Zakład Badań nad Szkolnictwem Wyższym. | |
| 856 |
_uhttp://koha.tu.koszalin.pl/cgi-bin/koha/opac-detail.pl?biblionumber=11279 _yKatalog online BPK |
||
| 942 |
_2UKD _cKS |
||
| 999 |
_c11279 _d11279 |
||